Представление документа в формате RUSMARC

Поле Инд. ПП Название Значение
Тип записи a
Библиографический уровень a
001 Контрольный номер 1b8a6afc2afc43048aae62174745b18d
005 Дата корректировки 20181120134525.8
100 a Данные общей обработки 20180627 ||| 0rusy0189 ca
101 0_ a Язык текста rus
102 a Страна публикации RU
200 1_ f Первые сведения об ответственности А.Н. Грищенко
a Заглавие Структурная функциональность административного процесса в деятельности полиции
210 d Дата издания 2018
461 _0 1 2000
a Закон и право
463 _0 1 2000
a №5
v С. 148-149
1 2101
d 2018
1 0019e3c4cc60f8941ea9d9a6af132952eae
606 a Основная рубрика Административное право
610 0_ a Ключевые слова АДМИНИСТРАТИВНЫЙ ПРОЦЕСС
a Ключевые слова ПРАВОНАРУШЕНИЯ
a Ключевые слова НАКАЗАНИЕ
700 _1 a Фамилия Грищенко
b Имя А.Н.
801 _0 a Страна RU
b Организация РГУП
c Дата составления 20180627
g Правила каталогизации PSBO
801 _1 a Страна RU
b Организация РГУП
c Дата составления 20180627
g Правила каталогизации PSBO
901 t Тип документа b
w Контрольный № источника 9e3c4cc60f8941ea9d9a6af132952eae
905 a Дата ввода 20180627